Le systeme politique du Canada, institutions federales et quebecoises. (Registro nro. 2376)
[ vista simple ]
| 000 -CABECERA | |
|---|---|
| campo de control de longitud fija | 00756cam a22002051 4500 |
| 001 - NÚMERO DE CONTROL | |
| campo de control | 000002540 |
| 005 - FECHA Y HORA DE LA ÚLTIMA TRANSACCIÓN | |
| campo de control | 20200929150217.0 |
| 008 - DATOS DE LONGITUD FIJA--INFORMACIÓN GENERAL | |
| campo de control de longitud fija | 840524s1968 oncf b 000 0 fre |
| 040 ## - FUENTE DE LA CATALOGACIÓN | |
| Centro catalogador/agencia de origen | DO-SdBNP |
| Lengua de catalogación | spa |
| Centro/agencia transcriptor | BNPHU |
| 041 17 - CÓDIGO DE LENGUA | |
| Código de lengua del texto/banda sonora o título independiente | spa |
| Código de lengua original | eng |
| 100 1# - ENTRADA PRINCIPAL--NOMBRE DE PERSONA | |
| Nombre de persona | Sabourin, Louis. |
| 9 (RLIN) | 7984 |
| 245 13 - MENCIÓN DE TÍTULO | |
| Título | Le systeme politique du Canada, institutions federales et quebecoises. |
| 260 ## - PUBLICACIÓN, DISTRIBUCIÓN, ETC. | |
| Lugar de publicación, distribución, etc. | Ottawa, : |
| Nombre del editor, distribuidor, etc. | Editions de l'Universite d'Ottawa, |
| Fecha de publicación, distribución, etc. | 1968. |
| 300 ## - DESCRIPCIÓN FÍSICA | |
| Extensión | xi, 507 p. : |
| Otras características físicas | plates. ; |
| Dimensiones | 24 cm. |
| 440 #0 - MENCIÓN DE SERIE/PUNTO DE ACCESO ADICIONAL--TÍTULO | |
| Título | Cahiers des sciences sociales ; |
| Designación de volumen o secuencia | no 4 |
| 9 (RLIN) | 7985 |
| 500 ## - NOTA GENERAL | |
| Nota general | At head of title: Sous la direction de Louis Sabourin. |
| 504 ## - NOTA DE BIBLIOGRAFÍA, ETC. | |
| Nota de bibliografía, etc. | Bibliography: p. [475]-502. |
| 650 #0 - PUNTO DE ACCESO ADICIONAL DE MATERIA--TÉRMINO DE MATERIA | |
| Término de materia o nombre geográfico como elemento de entrada | Local government |
| Subdivisión geográfica | Quebec (Province{Rpara} |
| 9 (RLIN) | 7986 |
| 651 #0 - PUNTO DE ACCESO ADICIONAL DE MATERIA--NOMBRE GEOGRÁFICO | |
| Nombre geográfico | Canada |
| Subdivisión general | Politics And Government. |
| 9 (RLIN) | 7987 |
| Estado de retiro | Estado de pérdida | Restricciones de uso | No para préstamo | Código de colección | Localización permanente | Ubicación/localización actual | Ubicación en estantería | Fecha de adquisición | Número de inventario | Total de préstamos | Signatura topográfica completa | Código de barras | Fecha visto por última vez | Precio válido a partir de | Tipo de ítem Koha |
|---|---|---|---|---|---|---|---|---|---|---|---|---|---|---|---|
| Monografías: Libros y Folletos | General | General | En catalogación | 23.03.2010 | LF1 | 2540-10 | 25.06.2020 | 25.06.2020 | Préstamo en sala |
